Jednoduchých riešení niet
Súčasný stav a vnútorné protirečenia slovenskej ekonomiky. Pokles ziskovosti podnikov a faktory vplývajúce na ziskovosť. Previazanosť legálnej a šedej ekonomiky. Vzťahy medzi štátnou sférou, podnikmi a bankovým sektorom
Salvato in:
| Autore principale: | |
|---|---|
| Natura: | Libro |
| Lingua: | slovacco |
| Soggetti: | |
| Tags: |
Nessun Tag, puoi essere il primo ad aggiungerne!!
|
MARC
| LEADER | 00000nam a2200000 4500 | ||
|---|---|---|---|
| 001 | r031396 | ||
| 005 | 20230606081956.8 | ||
| 041 | 0 | |a slo | |
| 044 | |a SK | ||
| 245 | 1 | 0 | |a Jednoduchých riešení niet |c Peter Stanek |
| 520 | |a Súčasný stav a vnútorné protirečenia slovenskej ekonomiky. Pokles ziskovosti podnikov a faktory vplývajúce na ziskovosť. Previazanosť legálnej a šedej ekonomiky. Vzťahy medzi štátnou sférou, podnikmi a bankovým sektorom | ||
| 610 | 2 | 0 | |a transformácia |
| 610 | 2 | 0 | |a ekonomika tieňová |
| 610 | 2 | 0 | |a podnik malý |
| 610 | 2 | 0 | |a podnik stredný |
| 610 | 2 | 0 | |a zisk |
| 610 | 2 | 0 | |a ukazovatele NH |
| 610 | 2 | 0 | |a vývoz |
| 610 | 2 | 0 | |a bankrot |
| 610 | 2 | 0 | |a oddlženie |
| 610 | 2 | 0 | |a bankovníctvo |
| 100 | 1 | |a Staněk, Peter | |